Working Group Breeds - Statistics

General Stats
  • This quiz has been taken 6 times
  • The average score is 8 of 12
Answer Stats
Picture Answer % Correct
Newfoundland
100%
Rottweiler
100%
Siberian Husky
100%
Bernese Mountain Dog
83%
Boxer
83%
Great Dane
83%
Saint Bernard
83%
Doberman Pinscher
67%
Mastiff
33%
Great Pyrenees
17%
Portuguese Water Dog
17%
Standard Schnauzer
17%
No matching quizzes found
Score Distribution
Percent of People with Each Score
Percentile by Number Answered
Your Score History
You have not taken this quiz